| 000 | 00902nam a2200301Ia 4500 | ||
|---|---|---|---|
| 999 |
_c31800 _d31800 |
||
| 003 | GCL | ||
| 005 | 20240530102355.0 | ||
| 008 | 140319s9999 xx 000 0 ara d | ||
| 040 |
_aGCL / _cGCL |
||
| 082 | 0 | 4 |
_a146.3 \ _bم و |
| 100 | 1 | _aماكورى, جون | |
| 245 | 1 | 0 |
_aالوجودية / _cماكورى, جون ؛ امام عبدالفتاح امام |
| 260 |
_aالقاهرة : _bدار الثقافة للنشر والتوزيع ، _c1986 |
||
| 300 |
_a427 ص ؛ _c24 سم |
||
| 650 | 0 | 4 | _aالمجتمع |
| 650 | 0 | 4 | _aالوجودية |
| 650 | 0 | 4 | _aاللغة العربية |
| 650 | 0 | 4 | _aالفكر |
| 650 | 0 | 4 | _aالعلوم |
| 650 | 0 | 4 | _aالفنون |
| 650 | 0 | 4 | _aالمعرفة |
| 650 | 0 | 4 | _aالوجود |
| 650 | 0 | 4 | _aالفعل |
| 650 | 0 | 4 | _aالمشاعر |
| 700 | 1 | _aفؤاد زكريا | |
| 700 | 1 | _aامام عبدالفتاح امام | |
| 942 |
_2ddc _cBK |
||